000 01705cam a22004454i 4500
003 PE-LiUPU
005 20250731172730.0
008 150617s r 000 0 d
035 _a(Sirsi) a11462
040 _aPE-LiUPU
_bspa
_cPE-LiUPU
_erda
049 _aPRUA
082 0 4 _a230.6
_bH62
_221
100 1 _aHiscox, Eduardo T.,
_eautor.
245 1 3 _aEl manual normal para las Iglesias Bautistas /
_cEduardo T. Hiscox.
264 1 _aTexas :
_bCasa Bautista de Publicaciones,
_c1952.
300 _a155 páginas ;
_c15 cm.
336 _atext
_2rdacontent
337 _aunmediated
_2rdamedia
338 _avolume
_2rdacarrier
505 0 _aUna Iglesia cristiana -- Oficiales de la iglesia -- Ordenanzas de la iglesia -- Los miembros de la Iglesia -- Disciplina de la iglesia -- Doctrina cristiana -- Resoluciones permanentes optables -- Examen detenido del butismo -- La cena del Señor -- El bautismo infantil -- Gobierno de la iglesia -- Oficiales de la iglesia.
526 _aSEG42
526 _aSEG41
526 _aSEG40
526 _aSEG39
526 _aP94
526 _aP87
526 _aP86
526 _aP85
526 _aP77
526 _aP76
526 _aP35
650 0 4 _aIGLESIA BAUTISTA
_vMANUALES.
910 _ajck
_bjvq
_cjck
_d20150616
942 _2ddc
_cBOOK
949 _a230.6 H62
_wDEWEY
_c1
_i05076
_lCCODEBUL1
_mBUL
_p00.00
_r0
_sY
_tBOOK
_u2015-04-21
_xTEOLOGIA
_PP35
_0COMPRA
_o.STAFF. Colección General
994 _aC0
_bPEPRU
596 _a1
999 _a230.6 H62
_wDEWEY
_c1615
_i05076
_d1615
_f2021-11-11
_g5
_lCCODEBUL1
_mBUL
_q1
_r0
_sY
_tBOOK
_u2015-4-21
_xTEOLOGIA
_PP35
_0COMPRA
_o.STAFF. Colección General
980 _81
_gALBERTO SANCHEZ Responsable de Automatización